=LDR 00000nam 2200000 4500 =001 NUTBA000000000004137 =005 20140903115814.0 =006 =007 =008 =020 ##$$a 978-979-051-7 =035 ##$$a 0010-091400000000170 =040 ##$$a NBPDMAT =082 ##$$a 613 =084 ##$$a 613 Ken k =100 ##$$a Keni Andewi =245 ##$$a Budaya Hidup Sehat unruk anak / $c Keni Andewi; editor, Heni Rahayu =250 ##$$a Cet. 1 =260 ##$$a Semarang : $b Ghyar Putra, $c 2010 =300 ##$$a iv, 60 hlm. : ilus. ; 25 cm. =500 ##$$a Bibliografi : hlm. 60 =650 ##$$a kesehatan =990 ##$$a 21408102